000 00400nam a2200145Ia 4500
008 230917s9999||||xx |||||||||||||| ||und||
040 _e116384
_aMAIN
041 _aEnglish
082 _a660.297 P588M
100 _aPicraux, thomas S. Choyke, W.J
245 0 _aMetastable materials formation by Ioh implantation v7
260 _aNew Delhi
_bNorth-Holland
_c1982
300 _av, 446 p.
942 _cBK
999 _c44743
_d44743